[Event "Bundesliga 0102"]
[Site "Germany"]
[Date "2001.11.24"]
[Round "3.5"]
[White "Polzin, Rainer"]
[Black "Watson, William N"]
[Result "1-0"]
[WhiteElo "2469"]
[BlackElo "2520"]
[Annotator "Rogozenco,D"]
[PlyCount "75"]
[EventDate "2001.10.06"]
[EventType "team-tourn"]
[EventRounds "15"]
[EventCountry "GER"]
[SourceTitle "CBM 087"]
[Source "ChessBase"]
[SourceDate "2002.03.21"]
[SourceVersion "1"]
[SourceVersionDate "2002.03.21"]
[SourceQuality "1"]
[WhiteTeam "Neukoelln"]
[BlackTeam "Castrop Rauxel"]
[WhiteTeamCountry "GER"]
[BlackTeamCountry "GER"]

1. e4 c5 2. Nc3 g6 3. Nf3 Bg7 4. d4 cxd4 5. Nxd4 Nc6 6. Be3 Nf6 7. Bc4 O-O 8.
Bb3 d6 9. f3 Bd7 10. Qd2 Rc8 11. O-O-O Ne5 12. Kb1 Nc4 (12... Re8 {In many
variations after 12.Kb1 the quiet waiting move Rf8-e8 proved to be useful.
White would be happy to start an attack on the kingside, but 13.h4 is met with
13. ... h5, while 13.g4 weakens pawn f3 and allows Black to play 13. ... b5!.
12. ... Nc4 used to be main line, but Black was facing big problems in the
practice of the last years.}) 13. Bxc4 Rxc4 14. g4 Be6 $6 {A doubtful looking
move, played from time to time though.} 15. Nce2 $5 $146 {This logical
continuation is actually a novely. White threatens often to take on e6 and
come to d4 with the second knight.} (15. Nxe6 fxe6 16. e5 Ne8 17. f4 Qc8 18.
Bd4 Rxf4 19. Qxf4 dxe5 20. Qf2 exd4 21. Ne4 Nd6 22. Rhe1 {1/2-1/2 Goloshchapov,
A-Shalimov,V/Alushta 1999/ (22)}) (15. h4 Qa5 16. Nb3 Qa6 17. Bh6 (17. h5 $40)
17... Bxh6 18. Qxh6 Rxc3 $5 19. bxc3 Rc8 $44 {with some compensation, 0-1
Solon,N-Shahade,J/Philadelphia 1999/ (49)}) 15... d5 $6 {After this White is
strategically winning. However, not easy to find a way for Black to get
acceptable position.} (15... Qd7 {with idea Rfc8 is better than the game, but
I doubt that Black is able to have sufficient counterplay.}) 16. e5 $1 Nd7 (
16... Ne8 17. Nxe6 fxe6 18. f4 $16) 17. Nf4 $18 Nxe5 {In a difficult position
Watson tries to complicate things. Unfortunately for him White plays precisely
till the end.} (17... Nc5 18. b3 Qb6 19. Ndxe6 fxe6 20. Nxd5 $18) 18. Nfxe6
fxe6 19. Nxe6 Nxf3 20. Qe2 Qc8 21. Nxf8 Rb4 22. c3 Qxc3 23. Bc1 Ne5 (23... Bxf8
24. Rhf1 Ne5 25. Rxd5 $18) 24. Rxd5 (24. Ne6 {wins as well:} Nc4 25. Rxd5 Na3+
26. Ka1 Nc2+ 27. Qxc2 Qxc2 28. Rd8+ Kf7 29. Ng5+ Kf6 30. Rf1+ Ke5 31. Re1+ Kf6
32. Re6#) 24... Kxf8 25. Re1 Nc6 26. Rd8+ {Easiest way. White returns his
material advantage and organizes a decissive attack.} Nxd8 27. Qxe7+ Kg8 28.
Qxd8+ Bf8 29. Qd5+ Kg7 30. Rf1 Qc7 31. Bd2 {The forced moves finished and it
turns out that there is no defence against Bc3+.} Rc4 32. Bc3+ Rxc3 33. Qd4+
Kg8 34. Qxc3 Qd7 35. h3 Bd6 36. Qc4+ Kg7 37. Qd4+ Kg8 38. Rd1 1-0

[Event "POL-ch 62nd"]
[Site "Poznan"]
[Date "2005.04.27"]
[Round "7"]
[White "Szelag, Marcin"]
[Black "Moranda, Wojciech"]
[Result "0-1"]
[WhiteElo "2497"]
[BlackElo "2452"]
[Annotator "Rogozenco,D"]
[PlyCount "66"]
[EventDate "2005.04.21"]
[EventType "tourn"]
[EventRounds "13"]
[EventCountry "POL"]
[EventCategory "12"]
[SourceTitle "CBM 107"]
[Source "ChessBase"]
[SourceDate "2005.08.01"]
[SourceVersion "1"]
[SourceVersionDate "2005.08.01"]
[SourceQuality "1"]

1. e4 c5 2. Nf3 d6 3. d4 cxd4 4. Nxd4 Nf6 5. Nc3 g6 6. Be3 Bg7 7. f3 O-O 8. Qd2
Nc6 9. Bc4 Bd7 10. h4 Ne5 11. Bb3 h5 12. O-O-O Rc8 13. Kb1 Re8 (13... Nc4) 14.
Rhe1 (14. Bh6 $142) 14... Qa5 15. Bg5 Rc5 {We have a transposition to the
position that often arises after a different move order. Black is okay here.}
16. f4 (16. Bxf6 Bxf6 17. f4 (17. Nd5 $2 Bxh4) 17... Ng4 (17... Nc4 $1 18. Bxc4
Rxc4 19. Nd5 $11 {is the same as 16.f4 Nc4 17.Bxc4 Rxc4 18.Bxf6 Bxf6 19.Nd5})
18. e5 $1 (18. g3 {Christiansen-Rogozenko, Internet (rapid) 2001} e6 $13) 18...
dxe5 19. Bxf7+ Kxf7 20. Nb3 Rd5 21. Nxd5 Qxd2 22. Rxd2 Bxh4 23. Rh1 Bg3 24. Nc7
$16) (16. a3 Qa6 $13) 16... Nc4 (16... Neg4 $2 17. e5 dxe5 18. Bxf7+ Kxf7 19.
Nb3 $18) 17. Bxc4 Rxc4 18. Nb3 (18. Bxf6 Bxf6 19. Nd5 Qxd2 20. Nxf6+ exf6 21.
Rxd2 f5 22. b3 (22. e5 dxe5 23. Rxe5 Rxe5 24. fxe5 Kf8 $11) 22... Rc3 (22...
Rc7 $11) 23. Rd3 (23. Rde2 fxe4 24. Rxe4 Kf8) 23... Rxd3 24. cxd3 fxe4 25. dxe4
Bf5 26. Nxf5 gxf5 27. e5 {1/2-1/2 Beliavsky,A-Georgiev,K/Wijk aan Zee 1985}) (
18. e5 Nd5 $1 19. Nxd5 Qxd5 $15) 18... Qa6 19. f5 $146 {This advance was
mentioned in the comments to the game Bologan-Golubev, 2000 as harmless for
Black because of the simple answer 19...gxf5.} (19. e5 Ng4 (19... Nh7 20. exd6
Nxg5 (20... e6 $1 $13) 21. hxg5 Bg4 22. Rxe7 (22. Nd5 $1 $16) 22... Rd8 23. Qd5
Rxf4 24. Nc5 (24. d7 $1 Kh7 25. Rde1 $36) 24... Qb6 25. Rxb7 Qxd6 $1 $13 {
0-1 Bologan,V (2641)-Golubev,M (2523)/Eforie Nord 2000 (50)}) 20. Nd5 (20. exd6
Bxc3 21. bxc3 e6 22. f5 gxf5 23. g3 f6 24. Bf4 Rec8 $19 {0-1 Bottini,O-Iodice,
G/corr 1988 (33)}) 20... f6 21. exf6 exf6 22. Rxe8+ Bxe8 23. Re1 $13) 19...
gxf5 20. Bh6 (20. Bxf6 Bxf6 21. e5 Bg7 22. exd6 e6 $15) (20. e5 Ng4 21. exd6 (
21. Nd5 Bxe5 22. Nxe7+ Kh7 $17) 21... Bxc3 $5 (21... e6 $17) 22. bxc3 e5 $17)
20... Bh8 $1 21. Qg5+ $2 ({White had to play} 21. e5 dxe5 22. Rxe5 {although
after} Be6 {Black's chances are preferable.}) 21... Kh7 22. Nd5 (22. exf5 Ng8
23. Bf8 Rxf8 24. Rxe7 Nxe7 25. Qxe7 Rcc8 26. Qxd7 Bxc3 27. bxc3 Qc6 $19) 22...
Ng8 $1 $19 {Suddenly White loses the bishop.} 23. exf5 Nxh6 $19 24. Nxe7 Rg4
25. Qxh5 d5 $1 {[%cal Ga6f6] After this advance Black transfers the queen to
f6 and White loses even more material.} 26. Rxd5 (26. Nxd5 Rxe1 27. Rxe1 Bxf5
28. Ne3 Qf6 29. Nd1 Rxg2) 26... Qf6 27. c3 Rxe7 28. Rf1 Bc6 29. Rd4 Ree4 30. g3
Qe5 31. a3 Re1+ 32. Rxe1 Qxe1+ 33. Ka2 Bxd4 0-1

[Event "EU-ch 6th"]
[Site "Warsaw"]
[Date "2005.06.26"]
[Round "8"]
[White "Shomoev, Anton"]
[Black "Williams, Simon Kim"]
[Result "1-0"]
[WhiteElo "2540"]
[BlackElo "2466"]
[Annotator "Rogozenco,D"]
[PlyCount "45"]
[EventDate "2005.06.18"]
[EventType "swiss"]
[EventRounds "13"]
[EventCountry "POL"]
[SourceTitle "CBM 108"]
[Source "ChessBase"]
[SourceDate "2005.09.26"]
[SourceVersion "1"]
[SourceVersionDate "2005.09.26"]
[SourceQuality "1"]

1. e4 c5 2. Nf3 d6 3. d4 cxd4 4. Nxd4 Nf6 5. Nc3 g6 6. Be3 Bg7 7. f3 Nc6 8. Qd2
O-O 9. Bc4 Bd7 10. O-O-O Rb8 11. Nd5 Ne5 ({In Ascic,P (2341)-Cebalo,M (2482)/
Pula 2004 Black got good play after} 11... b5 12. Nxf6+ $6 Bxf6 13. Nxc6 Bxc6
14. Bd5 Qc7) 12. Be2 Nxd5 {Generally if he is not forced, then Black should
try to avoid taking on d5. The resulting pawn structure usually favors White.}
(12... b5 13. h4 (13. Bh6 $5) 13... Nxd5 14. exd5 Nc4 15. Bxc4 bxc4 16. a3 $2
Qb6 17. c3 Bxd4 18. Bxd4 Qb3 19. Kb1 Qxa3 $19 {0-1 Storey,C (2211)-Pym,T (2099)
/Douglas 2005 (24)}) 13. exd5 b5 14. Bh6 Nc4 15. Bxc4 Bxh6 (15... bxc4 16. Bxg7
Kxg7 17. Qc3 Kg8 18. Rhe1 $5 $14 {/+/-}) 16. Qxh6 bxc4 17. Rhe1 $1 Qa5 $4 (
17... Qb6 18. b3 (18. Re4 $2 Qxb2+ 19. Kd2 f5 20. Rxe7 (20. Rh4 Rf7 $19) 20...
Rf7 $1 (20... Qxd4+ 21. Ke2 {[%cal Gd1d4]} Qh8 22. Rxd7 $13) 21. Rxf7 Qxd4+ 22.
Kc1 (22. Ke2 Re8+ $19) 22... Qb2+ 23. Kd2 Kxf7 24. Qxh7+ Qg7 $19) 18... cxb3 (
18... Rfe8 19. Re4 e5 20. Rh4 (20. dxe6 fxe6 21. Rh4 Re7 $17) 20... exd4 21.
Qxh7+ Kf8 22. Qh6+ (22. Qh8+ Ke7 23. Re4+ Kd8 24. Rxe8+ Bxe8 25. Re1 Kd7 26.
Qf6 Rd8 $19) 22... Ke7 23. Qg5+ f6 24. Qxg6 $44) 19. axb3 Qa5 20. Kb2 $13 (20.
Re4 f5 21. Rxe7 Qa1+ (21... Rf7 22. Rxf7 Qa1+ 23. Kd2 Qxd4+ 24. Kc1 Qa1+ $11)
22. Kd2 Qxd4+ 23. Kc1 Qa1+ $11)) (17... c3 18. bxc3 (18. Re4 f5) (18. b3 Qa5
$132) 18... Rc8 (18... Qa5 19. Re4 $40) 19. Rd3 $16) 18. Re4 $18 {Suddenly
White is winning at once. Such things can happen in Dragon. There is no
defence against Rh4.} e5 (18... f5 19. Rxe7 Rf7 20. Rxf7 Kxf7 21. Qxh7+ Kf6 22.
Qxd7 $18) 19. Rh4 Rfd8 20. Qxh7+ Kf8 21. Qh6+ Ke8 ({Or} 21... Ke7 22. Qg5+ $18)
22. Qg5 Ba4 23. Nc6 (23. Nc6 Bxc6 24. dxc6 $18 {[%csl Rd7][%cal Gh4h8]}) 1-0

[Event "CUB-ch"]
[Site "Holguin"]
[Date "2002.04.16"]
[Round "14"]
[White "Perez Garcia, Rodney Oscar"]
[Black "Gonzalez Vidal, Yuri"]
[Result "0-1"]
[WhiteElo "2429"]
[BlackElo "2444"]
[Annotator "Rogozenco,D"]
[PlyCount "60"]
[EventDate "2002.03.31"]
[EventType "tourn"]
[EventRounds "17"]
[EventCountry "CUB"]
[EventCategory "9"]
[SourceTitle "CBM 089"]
[Source "ChessBase"]
[SourceDate "2002.08.12"]
[SourceVersion "1"]
[SourceVersionDate "2002.08.12"]
[SourceQuality "1"]

1. e4 c5 2. Nf3 d6 3. d4 cxd4 4. Nxd4 Nf6 5. Nc3 g6 6. Be3 Bg7 7. f3 O-O 8. Qd2
Nc6 9. Bc4 Bd7 10. O-O-O Ne5 11. Bb3 Rc8 12. Kb1 Re8 13. Bh6 Bh8 (13... Bxh6 $6
14. Qxh6 Rxc3 15. bxc3 Qc7 16. h4 Qxc3 17. h5 Nc4 18. Qc1 Rc8 19. hxg6 fxg6 20.
Ne2 Qb4 21. Nf4 a5 22. Nd3 Qb6 23. e5 $1 dxe5 24. Nxe5 Be6 25. Nxc4 Bxc4 26.
Qb2 $18 {1-0 Karjakin,S-Zeliakov,N/Dubai UAE 2002 (50)}) (13... Nc4 $142 14.
Bxc4 Rxc4 15. Bxg7 Kxg7 16. h4 h5 {And Black stops the advance of h-pawn.}) 14.
h4 Nc4 (14... Qa5 15. h5 Rxc3 16. bxc3 b5 17. hxg6 hxg6 18. Bg5 Bg7 19. Bh6 Bh8
20. Qg5 Rb8 21. Rd3 Nc4 22. Qh4 e5 23. Nf5 $18 {1-0 Jurkovic,A-Laurent,J/
Cannes 2000 (32)}) 15. Bxc4 (15. Qd3 $142 $1 b5 16. Ndxb5 $1 Bxb5 17. Nxb5 Nxb2
18. Kxb2 Ng4+ 19. Kb1 Nxh6 20. g4 a6 21. Nd4 Kf8 22. g5 Ng8 23. h5 $40 {
1-0 Strauss,A-Alvir,A/Oberwart 1996 (33)}) 15... Rxc4 16. Nde2 (16. Nb3 $142 a5
(16... b5 17. h5 b4 18. Ne2 $13) 17. h5 a4 18. Nc1 Qa5 19. Nd5 Qb5 (19... Qxd2
$11) 20. hxg6 Nxe4 $4 21. gxh7+ Kxh7 22. Bf8+ Kg8 23. Rxh8+ {1-0 Salinardi,
N-Fernandez,E/Chivilcoy 1988}) 16... b5 17. h5 $6 (17. Nf4 b4 18. Ncd5 Nxd5 19.
Nxd5 $13) 17... b4 18. Nd5 Nxd5 19. hxg6 hxg6 20. Qxd5 (20. exd5 $142 $13 Bf5
21. Rc1 {/\ 22.g4}) 20... Be6 21. Qd3 $6 Qa5 $1 {Now suddenly all Black's
pieces are ready for decisive attack. Typical Dragon - it doesn't tolerate
White's mistakes.} 22. b3 Rec8 $1 $19 23. Bc1 (23. bxc4 Bxc4 $19) (23. Rc1 Qa3
24. c3 bxc3 $19) 23... Bg7 $1 (23... Rxc2 24. Rxh8+ Kxh8 25. Bb2+ {Makes life
easier for White.}) 24. Rd2 Qe5 25. c3 bxc3 26. Rc2 Rb4 27. Bh6 {Loses by
force, but Black is easily winning anyway.} (27. Bf4 Qa5 28. Nc1 Rcb8 {and the
sac on b3 will decide very soon the outcome.}) 27... Bxb3 28. axb3 Rxb3+ 29.
Kc1 Bxh6+ 30. Rxh6 Qg5+ 0-1

[Event "Goodricke op 13th"]
[Site "Kolkata"]
[Date "2002.03.24"]
[Round "8"]
[White "Sandipan, Chanda"]
[Black "Motylev, Alexander"]
[Result "1/2-1/2"]
[WhiteElo "2452"]
[BlackElo "2639"]
[Annotator "Rogozenco,D"]
[PlyCount "51"]
[EventDate "2002.03.17"]
[EventType "swiss"]
[EventRounds "11"]
[EventCountry "IND"]
[SourceTitle "CBM 088"]
[Source "ChessBase"]
[SourceDate "2002.03.21"]
[SourceVersion "1"]
[SourceVersionDate "2002.03.21"]
[SourceQuality "1"]

1. e4 c5 2. Nf3 d6 3. d4 cxd4 4. Nxd4 Nf6 5. Nc3 g6 6. Be3 Bg7 7. f3 O-O 8. Qd2
Nc6 9. Bc4 Bd7 10. O-O-O Ne5 11. Bb3 Rc8 12. Kb1 {This universal move in
Sicilian Defence is good in most cases. Below I try to explain why an waiting
useful move like 12.Kb1 is so unpleasant for Black in this particular position.
The problem is that most of White's alternatives to 12.Kb1 have a drawback,
which can be used by Black somehow. I'm not trying to say that 12.Kb1 is
stronger than its alternatives (though I think this might well be the case),
but just to show that after other moves Black can easier find an answer.} (12.
g4 b5 {After 12.g4 the pawn f3 is protected only by the knight d4, that's why
the advance of the b-pawn became possible - if White takes twice on b5, he
loses pawn f3.}) (12. h4 {The main move, which has the drawback that Black can
blockade the kingside with} h5 {Of course the theory just begins here, my task
was to show that after 12.h4 Black can easier find a move than after 12.Kb1.})
(12. Bh6 Bxh6 13. Qxh6 Rxc3 14. bxc3 a5 {gives Black good counterplay.}) (12.
Bg5 {This removes the B from a7-g1 diagonal and makes possible a move like 12.
... Rc5. Besides, after 12. ... Nc4 13.Bxc4 Rxc4 the knight on d4 is less
protected (for instance Black threatens 14. ... Nxe4 followed by Rxd4).}) 12...
Re8 {This somewhat mysterious move is nowardays main replay to 12.Kb1. In fact
it has mostly same logic like 12.Kb1: it is an useful waiting move, since the
alternatives have their drawbacks. Before briefly looking to alternatives,
let's see why a move like 12. ... Re8 might prove useful. First of all after
queen's sortie to a5, White's reply Nd5 won't be so dangerous because pawn e7
is protected. Secondly, in case of need Black always has the retreat Bh8 after
White's Bh6. Further, black king has more space: square f8 became available,
which might be useful after an eventual attack on the h-file. And finally
there are some concrete variations when the e-file can be opened (for instance
with white bishop on g5 and knight on d5, White takes Nxf6 exf6), or in case
that white e-pawn reaches e7 (f2-f4, followed by e4-e5, e5xd6 and d6xe7). In
all those cases the rook is also much better placed on e8.} (12... a5 {helps
White to blockade the queenside with} 13. a4) (12... a6 {is a possible move,
but looks a little bit slow. Now White can enter many variations where Kb1 is
more useful than a6, for instance} 13. h4 h5 14. Bg5 ({or} 14. g4 $5)) (12...
Nc4 13. Bxc4 Rxc4 14. g4 {and White starts first the attack, since the move} b5
{is dubious in view of} 15. b3 Rc8 16. Ndxb5 $16) 13. h4 h5 14. Bh6 Nc4 (14...
Bh8 15. g4 {Gives White a strong attack. An example which demonstrates White's
potential:} hxg4 16. f4 Nc4 17. Qe2 Na5 18. h5 Nxb3 19. axb3 Nxh5 20. f5 Ng3
21. Qh2 Nxh1 22. Rxh1 g3 23. Qxg3 Bxd4 24. Qh4 $18 e6 25. Bg5 Qxg5 26. Qxg5
exf5 27. Nd5 Bc6 28. Nf6+ Kg7 29. Rh7+ {1-0 Willemze,J-Molinari,G/Dieren 1999.}
) 15. Bxc4 Rxc4 16. Bxg7 Kxg7 17. g4 $5 {Most aggressive move, which is
probably White's only way to fight for advantage.} (17. Nde2 Qa5 18. Nf4 Rec8
19. Ncd5 Qxd2 20. Rxd2 Nxd5 21. Nxd5 Kf8 $11 {1/2-1/2 Aseev,K-Nemtsev,I/
Nizhnij Novgorod 1998 (44)}) (17. Rhe1 Qa5 18. Nb3 Qc7 $11 {1-0 Polzin,
R-Reschke,S/Germany 1997 (45)}) 17... hxg4 18. h5 Rh8 {Now it is amazing - we
have a popular theoretical position with white king on b1 instead of c1. The
explanation is that Black lost time by playing Rf8-e8-h8. In principle this
factor is in White's favour, but not clear that White can have any real
dividends out of it.} 19. fxg4 $146 (19. hxg6 fxg6 20. f4 Rh3 $6 (20... Rc5 $2
21. e5 $1 dxe5 22. Nb3) (20... e5 $1 $13) 21. Rxh3 (21. e5 Nh5 22. Rhe1 $36 (
22. Rxh3 gxh3 23. f5) (22. f5 $5)) 21... gxh3 22. e5 Ng4 {1/2-1/2 Mullon,
J-Derieux,C/Saint Lo 2001 (47)}) 19... Bxg4 $1 (19... Nxg4 20. hxg6 fxg6 21. b3
Rc5 22. Nd5 $36) 20. hxg6 fxg6 21. Nd5 (21. e5 dxe5 22. Ne6+ Bxe6 23. Qxd8 Rxd8
24. Rxd8 Bf5 $13) 21... e5 $1 {Leads to draw by force.} 22. Rxh8 Qxh8 23. Qg5
Nxd5 (23... Qf8 24. Nxf6 Qxf6 25. Qxg4 Rxd4 26. Rh1 $44) 24. Qxg4 Rxd4 25. Qd7+
Kg8 26. Qe8+ 1/2-1/2

[Event "GER CupT semifinal"]
[Site "Baden-Baden"]
[Date "2002.03.09"]
[Round "1.1"]
[White "Svidler, Peter"]
[Black "Golubev, Mikhail"]
[Result "1-0"]
[WhiteElo "2688"]
[BlackElo "2531"]
[Annotator "Rogozenco,D"]
[PlyCount "65"]
[EventDate "2002.03.08"]
[EventType "team"]
[EventRounds "2"]
[EventCountry "GER"]
[SourceTitle "CBM 088"]
[Source "ChessBase"]
[SourceDate "2002.03.21"]
[SourceVersion "1"]
[SourceVersionDate "2002.03.21"]
[SourceQuality "1"]
[WhiteTeam "Baden Oos"]
[BlackTeam "Stuttgart"]
[WhiteTeamCountry "GER"]
[BlackTeamCountry "GER"]

1. e4 c5 2. Nf3 d6 3. d4 cxd4 4. Nxd4 Nf6 5. Nc3 g6 {It is always of a high
interest to see the Dragon Variation played by its biggest specialist - GM
Mihail Golubev. However, in this game Peter Svidler was very well prepared,
and he showed a clear way to advantage in the line which was considered more
or less unclear. For instance in Informator 82 the position after 21.Rd1 from
the present game was evaluated as "unclear", while in fact it is "more
unclear" for Black than for White, who has a big advantage.} 6. Be3 Bg7 7. f3
Nc6 8. Qd2 O-O 9. Bc4 Bd7 10. O-O-O Ne5 11. Be2 {An interesting move order.}
Rc8 12. Kb1 Nc4 {Now White succeeded to enter the lines, which are considered
by the modern theory to be favourable for White, namely 11.Bb3 Rc8 12.Kb1 Nc4 
(12. ... Re8 is main alternative) 13.Bxc4.} 13. Bxc4 Rxc4 14. g4 Qa5 15. Nb3
Qa6 16. e5 (16. Bh6 Rfc8 17. Bxg7 Kxg7 18. h4 h6 19. g5 Nh5 20. Rh2 $14 {
0-1 Slobodjan,R-Malakhov,V/Koszalin 1999(35)}) 16... Nxg4 {The only way for
Black to complicate matters.} 17. fxg4 Bxg4 (17... Bxe5 18. Nd5 Re8 19. h3 $16
{1-0 Bauer,C-Van Wely,L/Enghien les Bains 2001 (40)}) 18. exd6 (18. Rdf1 dxe5 (
18... Bxe5 19. Nd5 Re8 $13) 19. Bh6 Qe6 20. h4 Bxh6 21. Qxh6 f6 22. Nd2 Rd4 23.
Nde4 Rf7 24. Rhg1 $36 {1-0 Jakubowski,K-Wojcieszyn,J/Glogow 2001 (38)}) 18...
Bxd1 $6 {After this move Black won't have time to take on c3. In one of my
previous comments I also thought this move would be possible (though the
correct 18. ... Bxc3 was another suggestion of mine), but as Svidler
demonstrates, there are tactical tricks in the position and Black cannot allow
to make such inaccuracies.} (18... Bxc3 {Apparently this is the only move to
keep the tension.} 19. bxc3 Bxd1 20. Rxd1 $1 (20. dxe7 Bxc2+ $1 {An important
resourse, which doesn't necessarily aims to take material, but first of all it
makes the position of White's king more exposed (second rank and the diagonal
b1-h7).} 21. Qxc2 Re8 {Now White seems unable to keep the pawn on e7. A
possible line would be:} 22. Rd1 Rxe7 23. Rd8+ Kg7 24. Qd2 Rh4 25. Bg5 Re2 26.
Bxh4 Rxd2 27. Rxd2 {and thanks to the unsecure position of white king Black is
not worse.}) 20... Qxd6 (20... exd6 21. Bd4 {looks very dangerous for Black.})
21. Qxd6 exd6 22. Bxa7 {and White is better here, though the endgame is quite
complicated.}) (18... exd6 $2 19. Rde1 $16) 19. dxe7 Bxc2+ 20. Qxc2 Re8 21. Rd1
$1 {Svidler's evaluation proved to be correct - White is much better, since he
will keep the pawn on e7.} Qe6 ({No time for} 21... Bxc3 {due to} 22. Rd8 $1 {
Thanks to this "zwischenzug" White keeps the pawn on e7 and consequently a big
advantage.} (22. bxc3 Rxe7 {transposes to the above given variations, which
start with 18. ... Bxc3.}) 22... Rc8 23. Rxc8 Rxc8 24. bxc3 Qe6 25. Bc5 $16)
22. Bc5 $16 {The next part is a demonstration of the strength of White's
position.} Bf6 23. Qd3 b6 24. Ba3 Bxc3 ({The pawn cannot be taken:} 24... Bxe7
25. Bxe7 Rxe7 26. Nd5 {[%csl Rc4,Re7] On the other hand the game continuation
is also hopeless.}) 25. bxc3 Rc7 26. Nd4 Qf6 27. Rf1 Qg5 28. Rxf7 {A nice move,
which wins by force, though 28.Ne6 was even simpler.} Kxf7 29. Qf3+ Qf6 (29...
Kg8 30. Qf8+ Rxf8 31. exf8=Q# {The triumph of White's e7-pawn - it queens with
mate, isn't this the "dream of each soldier"?}) 30. Qd5+ Kg7 31. Ne6+ Kh8 32.
Nxc7 Rxe7 33. Qd8+ 1-0